000 00743cam a22002411 4500
001 ne 68002823
003 DLC
005 20260227111844.0
008 890514s1966 xx 000 0 ara
010 _ane 68002823
035 _a(OCoLC)23499868
040 _aDLC
_cMiU
_dDLC
050 0 0 _aBP135.A2
_bD37
100 1 _aDāraquṭnī, ʻAlī ibn ʻUmar,
_d918 or 919-995.
245 1 0 _aSunan.
260 _c1966.
300 _a4 v. in 2.
_c24 cm.
500 _aRomanized.
650 0 _aHadith
700 1 _aMadanī, ʻAbd Allāh Hāshim al-Yamānī,
_eed.
700 1 2 _aʻAẓīmābādī, Muḥammad Shams al-Ḥaqq.
_tTaʼlīq al-mughnī ʻala al-Dāraquṭnī.
830 0 _aSilsilat maṭbūʻāt kurub al-sunnah al-nabawīyah ;
_v6.
999 _c50612
_d50612